| 000 | 00633nam a2200301Ia 4500 | ||
|---|---|---|---|
| 005 | 20260401122057.0 | ||
| 008 | 008 250103s9999 xx 000 0 eng d | ||
| 020 | _a780394 740676 | ||
| 037 | _aTB | ||
| 040 | _aEDL | ||
| 040 | _beng | ||
| 040 | _cEDL | ||
| 041 | _2eng | ||
| 041 | _aeng | ||
| 084 | _a801.95 SAI | ||
| 084 | _qEDL | ||
| 100 | _aSaid, Edward W. | ||
| 245 | 0 | _aOrientalism | |
| 245 | 0 | _cSaid, Edward W. | |
| 260 | _aNew York | ||
| 260 | _bVintage Books | ||
| 260 | _c1979 | ||
| 300 | _a393p | ||
| 942 | _cTB | ||
| 942 | _h801.95 SAI | ||
| 999 |
_c1844757 _d1844757 |
||